|
|
|
|
| LEADER |
00000nab a2200000 a 4500 |
| 001 |
vtls000706557 |
| 003 |
SK-MaSNL |
| 005 |
20260302180720.0 |
| 008 |
180207c1999 xo 0 slo |
| 015 |
|
|
|a SNBRB1999/10-23732
|
| 035 |
|
|
|a CLN000058724
|
| 040 |
|
|
|a SNKBUCL
|b slo
|c SNKBUCL
|e AACR2
|
| 041 |
0 |
|
|a slo
|
| 044 |
|
|
|a xo
|c SK
|
| 080 |
|
|
|a 331.238:662.75/.76
|2 UDC-MRF-SK2
|
| 080 |
|
|
|a 662.75/.76
|2 UDC-MRF-SK2
|
| 100 |
1 |
|
|a Poláková, Alena
|4 aut
|9 890205
|
| 245 |
1 |
0 |
|a Automobil stále aktuálny
|b účtovanie PHM
|n II.
|c Alena Poláková
|
| 500 |
|
|
|a Pokračovanie
|
| 650 |
0 |
7 |
|a pracovné cesty
|2 snkbucl
|9 301638
|
| 650 |
0 |
7 |
|a náhrady cestovné
|2 snkbucl
|9 839456
|
| 650 |
0 |
7 |
|a pohonné hmoty
|2 snkbucl
|9 68693
|
| 655 |
|
7 |
|a články z novín a časopisov
|2 snkbucl
|9 267496
|
| 773 |
0 |
|
|x 1335-0714
|t Ekonomický a právny poradca podnikateľa
|g Č. 15 (1999), s. 20-22
|
| 850 |
|
|
|a Slovenská národná knižnica v Martine
|
| 852 |
|
|
|a SNK
|b KIS3GCP
|
| 958 |
|
|
|a RBX
|
| 999 |
|
|
|c 1411607
|d 1413537
|